Catálogo
 En Linea

Derecho cooperativo / (Registro nro. 48738)

Detalles MARC
000 -CABECERA
campo de control de longitud fija 00882nam a2200253 a 4500
003 - IDENTIFICADOR DEL NÚMERO DE CONTROL
campo de control OSt
005 - FECHA Y HORA DE LA ÚLTIMA TRANSACCIÓN
campo de control 20230331073628.0
008 - DATOS DE LONGITUD FIJA--INFORMACIÓN GENERAL
campo de control de longitud fija 190805s1990 dr 000 spa d
040 ## - FUENTE DE LA CATALOGACIÓN
Centro catalogador/agencia de origen DO-SdBNP
Lengua de catalogación spa
Centro/agencia transcriptor BNPHU
082 ## - NÚMERO DE LA CLASIFICACIÓN DECIMAL DEWEY
Número de clasificación 346.0668
Número de documento/Ítem C313d, 1990
100 ## - ENTRADA PRINCIPAL--NOMBRE DE PERSONA
Nombre de persona Carrasco, Nelson Eddy
9 (RLIN) 9308
Fechas asociadas al nombre 1940-
245 #0 - MENCIÓN DE TÍTULO
Título Derecho cooperativo /
Mención de responsabilidad, etc. Eddy Carrasco ; prólogo Lupo Hernández Rueda.dy Carrasco ;
260 ## - PUBLICACIÓN, DISTRIBUCIÓN, ETC.
Lugar de publicación, distribución, etc. Santo Domingo,
Nombre del editor, distribuidor, etc. Editora Visión,
Fecha de publicación, distribución, etc. 1990.
300 ## - DESCRIPCIÓN FÍSICA
Extensión 420 p. ;
Dimensiones 21 cm.
500 ## - NOTA GENERAL
Nota general Incluye datos biográficos del autor en la contracubierta
504 ## - NOTA DE BIBLIOGRAFÍA, ETC.
Nota de bibliografía, etc. Bibliografía : p.[429-433]<br/><br/>
590 ## - NOTA LOCAL (RLIN)
Nota local Inventariado, 2020/VM
650 #7 - PUNTO DE ACCESO ADICIONAL DE MATERIA--TÉRMINO DE MATERIA
Fuente del encabezamiento o término Lemb
Término de materia o nombre geográfico como elemento de entrada Cooperativas
Subdivisión general Legislación
9 (RLIN) 14001
650 #7 - PUNTO DE ACCESO ADICIONAL DE MATERIA--TÉRMINO DE MATERIA
Fuente del encabezamiento o término Lemb
Término de materia o nombre geográfico como elemento de entrada Cooperativismo
Subdivisión general Legislación
9 (RLIN) 14002
700 ## - PUNTO DE ACCESO ADICIONAL--NOMBRE DE PERSONA
Nombre de persona Hernández Rueda, Lupo,
Fechas asociadas al nombre 1930-2017
Término indicativo de función/relación pról.
9 (RLIN) 23790
910 ## - DATOS DE OPCIÓN DEL USUARIO (OCLC)
Datos de opción del usuario En proceso
942 ## - ELEMENTOS DE PUNTO DE ACCESO ADICIONAL (KOHA)
Fuente del sistema de clasificación o colocación Dewey Decimal Classification
Tipo de ítem Koha Libros y folletos
956 ## - LOCALIZACIÓN Y ACCESO ELECTRÓNICOS LOCAL (OCLC)
Nombre del host VMateo
Existencias
Estado de retiro Estado de pérdida Fuente del sistema de clasificación o colocación Restricciones de uso No para préstamo Código de colección Localización permanente Ubicación/localización actual Ubicación en estantería Fecha de adquisición Fuente de adquisición Total de préstamos Signatura topográfica completa Código de barras Fecha visto por última vez Precio válido a partir de Tipo de ítem Koha Nota pública
    Dewey Decimal Classification     Monografías: Libros y Folletos Biblioteca Nacional Pedro Henríquez Ureña Patrimonio Dominicano En catalogación 30.09.2020 Flia. Reyes Duluc   346.0668 C313d, 1990 2020-0059 30.09.2020 30.09.2020 Libros y folletos Perteneció a la biblioteca personal de la Familia Reyes Duluc

Con tecnología Koha